[Event "GER-ch Youth U18 2020"]
[Site "Willingen"]
[Date "2020.10.23"]
[Round "6.10"]
[White "Papadopoulos, Ioannis"]
[Black "Lesny, Florian"]
[Result "0-1"]
[WhiteElo "2186"]
[BlackElo "2178"]
[Annotator "ChessBase"]
[PlyCount "100"]
[EventDate "2020.10.20"]
[EventType "swiss"]
[EventRounds "7"]
[EventCountry "GER"]
[SourceTitle "playchess.com"]
[Source "ChessBase"]
[SourceQuality "1"]
[TimeControl "40/5400+30:1800+30"]

1. e4 {[%emt 0:00:00]} c5 {[%emt 0:00:00]} 2. Nf3 {[%emt 0:00:00]} d6 {[%emt 0:00:00]} 3. d4 {[%emt 0:00:00]} cxd4 {[%emt 0:00:03]} 4. Nxd4 {[%emt 0:00:00]} Nf6 {[%emt 0:00:12]} 5. Nc3 {[%emt 0:00:00]} a6 {[%emt 0:00:16]} 6. a4 {[%emt 0:00:00]} g6 {[%emt 0:04:42]} 7. Be2 {[%emt 0:03:10]} Bg7 {[%emt 0:00:20]} 8. Be3 {[%emt 0:00:42]} O-O {[%emt 0:01:32]} 9. h4 {[%emt 0:05:10]} h5 {[%emt 0:03:49]} 10. Qd2 {[%emt 0:02:47]} Nc6 {[%emt 0:00:49]} 11. Nxc6 {[%emt 0:05:09]} bxc6 {[%emt 0:00:23]} 12. Bh6 {[%emt 0:04:00]} Rb8 {[%emt 0:06:04]} 13. Bxg7 {[%emt 0:00:06]} Kxg7 {[%emt 0:00:14]} 14. b3 {[%emt 0:00:28]} Qa5 {[%emt 0:05:58]} 15. f3 {[%emt 0:01:47]} e5 {[%emt 0:07:55]} 16. O-O-O {[%emt 0:03:20]} Be6 {[%emt 0:08:38]} 17. Nb1 {[%emt 0:03:26]} Qb6 {[%emt 0:01:12]} 18. a5 {[%emt 0:05:38]} Qa7 {[%emt 0:02:38]} 19. g4 {[%emt 0:13:25]} d5 {[%emt 0:03:53]} 20. Qg5 {[%emt 0:05:51]} Qc7 {[%emt 0:01:04]} 21. Rdg1 {[%emt 0:06:02]} Rh8 {[%emt 0:01:19]} 22. Nd2 hxg4 {[%emt 0:03:03]} 23. fxg4 {[%emt 0:18:53]} dxe4 {[%emt 0:00:46]} 24. h5 {[%emt 0:02:35]} Nh7 {[%emt 0:01:01]} 25. Qe3 {[%emt 0:03:23]} Qxa5 {[%emt 0:01:12]} 26. h6+ {[%emt 0:07:43]} Kf8 {[%emt 0:00:43]} 27. g5 {[%emt 0:04:54]} Rd8 {[%emt 0:03:00]} 28. Nb1 {[%emt 0:01:28]} Rd4 {[%emt 0:04:45]} 29. Rd1 {[%emt 0:01:16]} Ke7 {[%emt 0:01:10]} 30. Rxd4 {[%emt 0:00:42]} exd4 {[%emt 0:00:08]} 31. Qxd4 {[%emt 0:00:09]} Rd8 {[%emt 0:01:48]} 32. Qg7 {[%emt 0:00:21]} Qxg5+ 33. Kb2 {[%emt 0:00:15]} Qf6+ {[%emt 0:03:21]} 34. Nc3 {[%emt 0:00:14]} Qxg7 {[%emt 0:03:45]} 35. hxg7 {[%emt 0:00:05]} Nf6 {[%emt 0:00:14]} 36. Rh8 {[%emt 0:01:27]} Rg8 {[%emt 0:05:15]} 37. Rxg8 {[%emt 0:00:08]} Nxg8 {[%emt 0:00:17]} 38. Nxe4 {[%emt 0:00:02]} Bf5 {[%emt 0:07:19]} 39. Ng3 {[%emt 0:00:53]} Bc8 {[%emt 0:01:29]} 40. Kc3 {[%emt 0:01:05]} Kf6 {[%emt 0:00:49]} 41. Bf3 {[%emt 0:31:06]} Kxg7 {[%emt 0:36:07]} 42. Bxc6 {[%emt 0:00:01]} Ne7 {[%emt 0:00:53]} 43. Ba8 {[%emt 0:00:47]} Kf6 {[%emt 0:02:03]} 44. Kd4 {[%emt 0:01:08]} Nf5+ {[%emt 0:04:33]} 45. Nxf5 {[%emt 0:00:04]} Bxf5 {[%emt 0:01:07]} 46. c4 {[%emt 0:00:04]} a5 {[%emt 0:02:02]} 47. c5 {[%emt 0:02:18]} Be6 {[%emt 0:04:31]} 48. Bd5 {[%emt 0:00:17]} Ke7 {[%emt 0:00:00]} 49. Bxe6 {[%emt 0:00:00]} fxe6 {[%emt 0:00:00]} 50. Ke5 {[%emt 0:00:00]} Kd7 {[%emt 0:00:00]} 0-1

[Event "GER-ch Youth U18 2020"]
[Site "Willingen"]
[Date "2020.10.23"]
[Round "6.11"]
[White "Bosselmann, Tom Linus"]
[Black "Matthes, Aaron"]
[Result "1-0"]
[WhiteElo "2054"]
[BlackElo "2198"]
[Annotator "TA"]
[PlyCount "57"]
[EventDate "2020.10.20"]
[EventType "swiss"]
[EventRounds "7"]
[EventCountry "GER"]
[SourceTitle "playchess.com"]
[Source "ChessBase"]
[SourceQuality "1"]

{[%evp 9,57,-6,6,9,8,9,34,0,0,-3,-16,-42,-25,-26,27,25,77,-36,18,-36,18,27,32,28,23,15,50,0,0,0,0,0,54,23,58,44,137,13,58,69,284,151,225,156,322,315,320,164,414,412]} 1. e4 e6 2. d4 d5 3. exd5 exd5 4. Bd3 Nf6 5. Bg5 c5 6. Qe2+ {C01: French: Exchange Variation.} Be6 7. Bf5 Qb6 (7... Nc6 {with more complications.} 8. Nf3 Qd7 9. O-O cxd4 10. Bxf6 gxf6 11. Re1 Bb4) 8. Bxf6 {White is slightly better.} gxf6 9. Bxe6 fxe6 {[#]} 10. c3 $146 ({Predecessor:} 10. Nd2 cxd4 11. O-O-O Na6 12. Qh5+ Kd7 13. Nb3 Nb4 14. Kb1 d3 15. c3 Nc6 16. Nf3 {1-0 (39) Meszarosova,E (1883)-Gajdos,D (2022) Bratislava 2019}) 10... cxd4 11. cxd4 Bb4+ (11... Kf7 $142) 12. Nc3 $11 Kf7 (12... Kd7 $11 {keeps the balance.}) 13. Nf3 (13. Qh5+ $16 Ke7 14. Nge2) 13... Nc6 (13... Qa6 $15) 14. Qd3 ({White should play} 14. O-O $11) 14... Rag8 (14... Qa6 $15 15. Qxa6 bxa6) 15. O-O Rg4 {[%cal Rc6d4]} 16. Ne2 Bd6 17. Rfe1 Nb4 18. Qb3 Rhg8 19. g3 Qa6 20. a3 Nc6 ({Black should try} 20... Qd3 $1 $11 21. Qxd3 Nxd3) 21. Qe3 Re4 22. Qd2 Na5 ({Better is} 22... Rg6 $14) 23. Qc2 (23. Nc3 $16) 23... Rg7 24. Nc3 $36 {[%mdl 2048] White has good play.} Reg4 $2 (24... Rxe1+ $14 25. Rxe1 Qc6) 25. b4 (25. Rxe6 $18 Kxe6 26. Re1+ Kd7 27. Nxd5) 25... Nc4 $16 26. Qe2 Bb8 $2 {[#]} (26... Bf8 $16) 27. Nxd5 $1 $18 {[%mdl 512]} Qc6 (27... exd5 28. Qe8#) 28. Ne3 (28. Nc3 $142) 28... Re4 $2 (28... Nxe3 {keeps fighting.} 29. Qxe3 Qd5) 29. b5 {Av CentiPawn Loss W=-33/B=-52. Weighted=-49/-67} ({Less strong is} 29. Qxc4 Rxe3 30. Qxc6 Rxe1+ 31. Rxe1 bxc6 $18) 1-0

[Event "GER-ch Youth U18 2020"]
[Site "Willingen"]
[Date "2020.10.23"]
[Round "6.12"]
[White "Wong, Gengchun"]
[Black "Besancon, Pascal"]
[Result "1/2-1/2"]
[WhiteElo "2120"]
[BlackElo "1915"]
[Annotator "ChessBase"]
[PlyCount "75"]
[EventDate "2020.10.20"]
[EventType "swiss"]
[EventRounds "7"]
[EventCountry "GER"]
[SourceTitle "playchess.com"]
[Source "ChessBase"]
[SourceQuality "1"]
[TimeControl "40/5400+30:1800+30"]

1. e4 {[%emt 0:00:00]} c5 {[%emt 0:00:00]} 2. Nf3 {[%emt 0:00:00]} d6 {[%emt 0:00:00]} 3. d4 {[%emt 0:00:00]} cxd4 {[%emt 0:00:00]} 4. Nxd4 {[%emt 0:00:00]} Nf6 {[%emt 0:00:07]} 5. Nc3 {[%emt 0:00:00]} a6 {[%emt 0:00:13]} 6. Bg5 {[%emt 0:00:23]} e6 {[%emt 0:00:36]} 7. f4 {[%emt 0:00:13]} Qb6 {[%emt 0:00:33]} 8. Nb3 {[%emt 0:08:14]} Nbd7 {[%emt 0:01:04]} 9. Qf3 {[%emt 0:00:42]} Be7 {[%emt 0:00:25]} 10. O-O-O {[%emt 0:00:06]} Qc7 {[%emt 0:00:20]} 11. h4 {[%emt 0:28:35]} h6 {[%emt 0:03:38]} 12. Bxf6 {[%emt 0:00:26]} gxf6 {[%emt 0:00:02]} 13. Be2 {[%emt 0:05:14]} b5 {[%emt 0:07:16]} 14. Qg3 {[%emt 0:02:41]} Bf8 {[%emt 0:02:15]} 15. a3 {[%emt 0:07:55]} Bb7 {[%emt 0:04:51]} 16. Bh5 {[%emt 0:02:04]} Ke7 {[%emt 0:04:14]} 17. Rhf1 {[%emt 0:06:09]} Rc8 {[%emt 0:05:18]} 18. Nd4 {[%emt 0:08:52]} Rh7 {[%emt 0:10:07]} 19. Rd2 {[%emt 0:10:35]} Rg7 {[%emt 0:04:52]} 20. Qh3 {[%emt 0:03:02]} Qc4 {[%emt 0:07:37]} 21. Rfd1 {[%emt 0:02:32]} Nb6 {[%emt 0:02:23]} 22. Nb3 {[%emt 0:04:07]} Kd8 {[%emt 0:06:31]} 23. Na5 {[%emt 0:02:58]} Qc7 {[%emt 0:00:03]} 24. e5 {[%emt 0:03:54]} fxe5 {[%emt 0:02:03]} 25. Nxb7+ {[%emt 0:00:03]} Qxb7 {[%emt 0:00:26]} 26. fxe5 {[%emt 0:00:03]} d5 {[%emt 0:01:09]} 27. Rf2 {[%emt 0:02:20]} Qc7 {[%emt 0:03:18]} 28. Rdf1 {[%emt 0:01:41]} Qxe5 {[%emt 0:00:02]} 29. Bxf7 {[%emt 0:00:35]} Bxa3 {[%emt 0:08:07]} 30. Nd1 {[%emt 0:00:03]} Nc4 {[%emt 0:10:01]} 31. Bxe6 {[%emt 0:00:03]} Rc6 {[%emt 0:02:27]} 32. Bxd5 {[%emt 0:00:39]} Qxd5 {[%emt 0:02:28]} 33. bxa3 {[%emt 0:00:15]} Qe5 {[%emt 0:01:35]} 34. Qd3+ {[%emt 0:00:21]} Rd6 {[%emt 0:00:58]} 35. Qc3 {[%emt 0:00:11]} Qxc3 {[%emt 0:01:24]} 36. Nxc3 Nxa3 {[%emt 0:00:22]} 37. Ne4 {[%emt 0:00:39]} Rc6 {[%emt 0:00:38]} 38. Rd1+ {[%emt 0:02:01]} 1/2-1/2

[Event "GER-ch Youth U18 2020"]
[Site "Willingen"]
[Date "2020.10.23"]
[Round "6.13"]
[White "Vogt, Dustin"]
[Black "Wensing, Maximilian"]
[Result "1/2-1/2"]
[WhiteElo "1829"]
[BlackElo "2039"]
[Annotator "ChessBase"]
[PlyCount "62"]
[EventDate "2020.10.20"]
[EventType "swiss"]
[EventRounds "7"]
[EventCountry "GER"]
[SourceTitle "playchess.com"]
[Source "ChessBase"]
[SourceQuality "1"]
[TimeControl "40/5400+30:1800+30"]

1. e4 {[%emt 0:00:00]} c5 {[%emt 0:00:00]} 2. Ne2 {[%emt 0:00:06]} a6 {[%emt 0:02:00]} 3. g3 {[%emt 0:00:06]} b5 {[%emt 0:00:09]} 4. Bg2 {[%emt 0:00:05]} Bb7 {[%emt 0:00:05]} 5. Nbc3 {[%emt 0:00:36]} e6 {[%emt 0:00:11]} 6. O-O {[%emt 0:01:24]} Nf6 {[%emt 0:10:56]} 7. d4 {[%emt 0:00:30]} cxd4 {[%emt 0:02:19]} 8. Nxd4 {[%emt 0:00:12]} b4 {[%emt 0:02:31]} 9. e5 {[%emt 0:07:16]} Bxg2 {[%emt 0:00:15]} 10. Kxg2 {[%emt 0:00:02]} bxc3 {[%emt 0:00:31]} 11. exf6 {[%emt 0:00:08]} Qxf6 {[%emt 0:03:00]} 12. bxc3 {[%emt 0:02:18]} Nc6 {[%emt 0:12:01]} 13. Rb1 {[%emt 0:02:38]} Na5 {[%emt 0:05:27]} 14. Bf4 {[%emt 0:05:34]} d5 {[%emt 0:01:55]} 15. Re1 {[%emt 0:01:52]} Be7 {[%emt 0:07:29]} 16. Be5 {[%emt 0:02:33]} Qg6 {[%emt 0:00:14]} 17. Bc7 {[%emt 0:01:00]} Nc4 {[%emt 0:13:12]} 18. Nc6 {[%emt 0:01:52]} Qf6 {[%emt 0:03:39]} 19. Rb7 {[%emt 0:02:13]} Bc5 {[%emt 0:06:25]} 20. f4 {[%emt 0:08:44]} Qxc3 {[%emt 0:06:08]} 21. Be5 {[%emt 0:00:58]} Ne3+ {[%emt 0:02:16]} 22. Rxe3 {[%emt 0:03:58]} Qxe3 {[%emt 0:00:05]} 23. Bxg7 {[%emt 0:02:53]} Rg8 {[%emt 0:01:55]} 24. Qg4 {[%emt 0:23:43]} Qe4+ {[%emt 0:03:01]} 25. Kh3 {[%emt 0:00:58]} d4 {[%emt 0:01:38]} 26. Qh5 {[%emt 0:01:47]} Qf5+ {[%emt 0:03:46]} 27. Qxf5 {[%emt 0:00:05]} exf5 {[%emt 0:00:04]} 28. Bxd4 {[%emt 0:00:11]} Bxd4 {[%emt 0:00:07]} 29. Nxd4 {[%emt 0:00:04]} Kf8 {[%emt 0:00:15]} 30. Nxf5 {[%emt 0:04:33]} Rg6 {[%emt 0:00:24]} 31. Rc7 {[%emt 0:05:18]} Rf6 {[%emt 0:00:55]} 1/2-1/2

[Event "GER-ch Youth U18 2020"]
[Site "Willingen"]
[Date "2020.10.24"]
[Round "7.1"]
[White "Suvorov, Alexander"]
[Black "Stelmaszyk, Nico"]
[Result "1/2-1/2"]
[WhiteElo "2313"]
[BlackElo "2301"]
[Annotator "TA"]
[PlyCount "39"]
[EventDate "2020.10.20"]
[EventType "swiss"]
[EventRounds "7"]
[EventCountry "GER"]
[SourceTitle "playchess.com"]
[Source "ChessBase"]
[SourceQuality "1"]

{[%evp 15,39,17,21,19,20,8,19,14,37,0,0,0,6,9,0,0,0,0,0,0,0,0,0,0,0,0]} 1. d4 d5 2. c4 dxc4 3. Nf3 Nf6 4. e3 e6 5. Bxc4 c5 6. O-O a6 7. a4 Nc6 8. Qe2 Qc7 9. Rd1 {D27: Queen's Gambit Accepted: Classical main line: 7 e4!? and 7 a4.} Be7 10. dxc5 Bxc5 {10...Bxc5 scores better than 10...0-0.} 11. b3 O-O 12. h3 b6 {The position is equal.} 13. Bb2 Qe7 14. Nbd2 Bb7 15. Ne5 Nxe5 16. Bxe5 Rfd8 17. Nf3 {[#]} a5 $146 ({Predecessor:} 17... Nd5 18. Rac1 h6 19. Bg3 Nf6 20. Rxd8+ Qxd8 21. Ne5 Ne4 22. Qh5 Qe8 23. Bh4 g5 {0-1 (34) Pavlidou,E (2188)-Erenberg,A (2092) Yerevan 2014}) 18. Bb2 Rxd1+ 19. Rxd1 Rd8 20. Rxd8+ {A rather calm draw. Av CentiPawn Loss W=-4/B=-2. Weighted=-6/-2} 1/2-1/2

[Event "GER-ch Youth U18 2020"]
[Site "Willingen"]
[Date "2020.10.24"]
[Round "7.2"]
[White "Stork, Oliver"]
[Black "Färber, David"]
[Result "1/2-1/2"]
[WhiteElo "2371"]
[BlackElo "2321"]
[Annotator "TA"]
[PlyCount "66"]
[EventDate "2020.10.20"]
[EventType "swiss"]
[EventRounds "7"]
[EventCountry "GER"]
[SourceTitle "playchess.com"]
[Source "ChessBase"]
[SourceQuality "1"]

{[%evp 9,66,-1,2,2,2,-4,4,11,12,0,27,33,26,8,18,20,15,23,37,10,27,0,33,37,25,34,35,41,33,0,8,-6,-7,-7,0,0,0,0,28,34,43,48,62,51,61,56,66,60,66,59,60,60,53,51,78,93,75,9,81]} 1. b3 e5 2. Bb2 Nc6 3. e3 Nf6 4. Bb5 Bd6 5. Na3 Be7 6. Nc4 {A01: Nimzowitsch-Larsen Opening.} e4 7. Bxc6 $1 dxc6 8. Ne2 Be6 9. O-O {[#]} Bxc4 $146 (9... O-O {looks sharper.} 10. a4 Re8 11. a5 a6 12. d3 Bb4) ({Predecessor:} 9... Qd7 10. Ne5 Qd6 11. d3 Ng4 12. d4 f6 13. Nxg4 Bxg4 14. Qe1 Bf5 15. a4 Qd7 {1-0 (146) Grandadam,N (2307)-Barbosa,E (2446) Katowice 2014}) 10. bxc4 Qd7 11. f3 O-O-O 12. Nd4 c5 13. Nb3 Qe6 14. Qe2 b6 15. Rab1 Rhg8 16. fxe4 Nxe4 17. d3 Nd6 18. e4 f6 19. Nd2 Nf7 20. Rf5 Bd6 21. Nf1 Be5 22. Ne3 Rd7 23. a4 Re8 24. Bxe5 Nxe5 25. a5 Nc6 26. axb6 cxb6 {[#] And now ...Nd4 would win.} 27. Qf2 Ne5 28. Nd5 h6 29. Qd2 Nc6 30. c3 Ne7 31. Rff1 Nxd5 32. cxd5 ({Much worse is} 32. exd5 Qe3+ 33. Rf2 Qxd2 $11) 32... Qd6 33. Rfe1 ({White should try} 33. c4 $16) 33... Kd8 {Av CentiPawn Loss W=-5/B=-8. Weighted=-6/-11} (33... f5 $11) 1/2-1/2

[Event "GER-ch Youth U18 2020"]
[Site "Willingen"]
[Date "2020.10.24"]
[Round "7.3"]
[White "Schmider, Niklas"]
[Black "Gutkin, Ilya"]
[Result "0-1"]
[WhiteElo "2291"]
[BlackElo "2203"]
[Annotator "TA"]
[PlyCount "68"]
[EventDate "2020.10.20"]
[EventType "swiss"]
[EventRounds "7"]
[EventCountry "GER"]
[SourceTitle "playchess.com"]
[Source "ChessBase"]
[SourceQuality "1"]

{[%evp 9,67,21,41,17,54,33,34,25,18,16,22,17,20,14,64,52,31,-37,43,32,33,0,0,-34,-35,-23,-37,-89,0,0,0,0,0,0,0,0,0,-104,-4,-13,0,-112,-118,-110,-121,-740,-735,-721,-707,-1144,-1165,-1131,-1102,-29996,-29994,-29997,-29998,-29998,-29999,-29999]} 1. d4 d5 2. c4 e6 3. Nc3 c6 4. e3 Bd6 5. Bd3 f5 6. Qc2 {A84: Dutch Defence: 2 c4 Miscellaneous.} a6 7. Nge2 Nf6 8. f3 {White is slightly better.} O-O 9. O-O b5 10. b3 Nbd7 11. Bd2 Bb7 12. c5 Bc7 13. e4 (13. b4 $14) 13... fxe4 (13... dxe4 $15 14. fxe4 e5 15. exf5 exd4) 14. fxe4 $14 {Hoping for e5.} e5 15. exd5 cxd5 16. Bf5 {[#]} exd4 $146 ({Predecessor:} 16... Bc6 17. Bg5 Qe8 18. Rae1 b4 19. Na4 Ne4 20. Bxe4 dxe4 21. Qc4+ Kh8 22. d5 Bb5 23. Qxe4 {½-½ (23) Moiseenko,A (2559)-Tregubov,P (2626) Moscow 2002}) 17. Nxd4 {Nce2 is the strong threat.} Nxc5 18. Bg5 (18. Rad1 $15) 18... Qd6 (18... Be5 $17 19. Nf3 Qb6) 19. Bf4 $11 Qb6 {aiming for ...Nxb3!} 20. Bxc7 Qxc7 21. Nce2 {Threatens to win with Ne6.} Qb6 22. Rac1 Nce4 $36 {[%mdl 2048] Black has the initiative.} 23. Qd3 (23. Qc7 $11 Qxc7 24. Rxc7) 23... Bc8 (23... Rae8 $17 24. Bxe4 Nxe4 25. Rxf8+ Rxf8) 24. Rc6 Qa7 25. Qh3 (25. Bxe4 $1 $11 {remains equal.} Nxe4 26. Rxf8+ Kxf8 27. Qc2) 25... Bxf5 $17 26. Qxf5 Rae8 27. Kh1 $2 {[%mdl 8192] Now White is beyond hope.} (27. Qf4 $17) 27... g6 $19 28. Qf4 {[#]} Ng4 $1 {[%mdl 576] Pin} 29. Qc1 (29. Qxg4 Rxf1+) 29... Nef2+ 30. Kg1 {[#]} Rxe2 $1 {[%mdl 512]} 31. Nxe2 {[#]} Nh3+ $1 {[%mdl 576] Discovered Attack (Double check). Black mates.} 32. Kh1 {[#]} Qg1+ $1 {[%mdl 512]} 33. Nxg1 Ngf2+ 34. Rxf2 Nxf2# {Av CentiPawn Loss W=-89/B=-12. Weighted=-72/-23} 0-1

[Event "GER-ch Youth U18 2020"]
[Site "Willingen"]
[Date "2020.10.24"]
[Round "7.4"]
[White "Richter, Nils"]
[Black "Wachinger, Nikolas"]
[Result "1-0"]
[WhiteElo "2290"]
[BlackElo "2334"]
[Annotator "TA"]
[PlyCount "79"]
[EventDate "2020.10.20"]
[EventType "swiss"]
[EventRounds "7"]
[EventCountry "GER"]
[SourceTitle "playchess.com"]
[Source "ChessBase"]
[SourceQuality "1"]

{[%evp 19,79,-7,0,0,0,-14,-7,-33,-39,-47,-39,-41,-40,-39,-43,-47,-50,-35,-38,-37,-45,-49,-46,-133,-39,-185,-191,-149,-64,-64,-48,-95,-89,-84,60,44,79,33,33,33,33,33,33,33,33,33,33,33,33,33,33,40,25,25,64,25,124,124,207,200,1155,1085]} 1. c4 Nf6 2. Nc3 e6 3. Nf3 d5 4. e3 b6 5. cxd5 exd5 6. d4 Bb7 7. Bd3 a6 8. O-O Bd6 9. b3 Nbd7 10. Bb2 O-O 11. Ne2 {E14: Queen's Indian: Classical Variation (4 e3).} Qe7 {[#]} 12. a4 $146 ({Predecessor:} 12. Ng3 g6 13. Rc1 Ne4 14. Rc2 f5 15. Ne2 g5 16. Qa1 Rae8 17. b4 c6 18. a3 Rf6 19. Ne5 Nxe5 20. dxe5 Bxe5 21. Bxe4 fxe4 22. Bxe5 Qxe5 23. Qxe5 Rxe5 24. a4 Kf7 {½-½ (24) Nisipeanu,L (2669)-Oparin,G (2575) Gjakova 2016}) 12... Ne4 13. Bxe4 {The position is equal.} dxe4 14. Nd2 Nf6 15. Ng3 Rae8 16. Nc4 Nd5 17. Nf5 Qe6 18. Nfxd6 cxd6 19. Ba3 Rd8 $1 20. Qd2 f5 21. Rae1 (21. Nxb6 $15 Nxb6 22. Qb4) 21... Rf6 (21... f4 $17 {And now ...f3 would win.} 22. Kh1 b5) 22. a5 (22. Nxb6 $1 $15 Nxb6 23. Qb4) 22... b5 $19 {Hoping for ...f4.} 23. Nb6 Nxb6 ({Black should try} 23... Rg6 $17 {aiming for ...f4!} 24. g3 Rf8) 24. axb6 $15 Qxb3 25. Qb4 Qxb4 26. Bxb4 d5 (26... Ra8 $17 {...a5 is the strong threat.} 27. Ba5 Bd5) 27. Be7 $14 {[%mdl 64] Double Attack} Rdd6 28. Ra1 Kf7 29. Bxd6 Rxd6 {[%mdl 4096] Endgame KRR-KRB} 30. Rfc1 {Strongly threatening Rc7+.} Rxb6 31. Rc7+ Kf6 32. Kf1 {[%mdl 1024] White has compensation.} b4 33. Ke1 Bc6 34. Kd2 Bb5 35. Kc2 Bc4 36. Kb2 Kg6 37. Rg1 Rf6 {[#]} (37... Kf6 $11) 38. f4 $1 $16 Kh6 {[#]} (38... h5 $16 {was called for.}) 39. g4 $1 $18 {[%cal Rg4g5] Black must now prevent g5+.} g5 $2 {[#]} (39... Rg6) 40. h4 $1 {[%mdl 512] What a bad dream for Black. Av CentiPawn Loss W=-15/B=-52. Weighted=-18/-48} 1-0

[Event "GER-ch Youth U18 2020"]
[Site "Willingen"]
[Date "2020.10.24"]
[Round "7.5"]
[White "Huber, Benedikt"]
[Black "Roseneck, Jonas"]
[Result "1-0"]
[WhiteElo "2191"]
[BlackElo "2417"]
[Annotator "TA"]
[PlyCount "73"]
[EventDate "2020.10.20"]
[EventType "swiss"]
[EventRounds "7"]
[EventCountry "GER"]
[SourceTitle "playchess.com"]
[Source "ChessBase"]
[SourceQuality "1"]

{[%evp 17,73,16,12,0,0,0,0,0,5,0,28,31,60,0,0,0,0,0,29,40,60,-4,0,0,0,0,0,-2,0,0,41,30,91,95,107,107,328,327,304,310,443,486,477,472,539,511,581,573,729,708,728,706,29989,29990,29990,29991,29994,1264]} 1. d4 Nf6 2. c4 g6 3. Nf3 Bg7 4. g3 d5 5. cxd5 Nxd5 6. Bg2 Nb6 7. O-O Nc6 8. e3 O-O 9. Nc3 Re8 10. Nh4 {D76: Fianchetto Grünfeld: Main Line with 7...Nb6.} e5 {[%cal Re5d4]} 11. d5 Nb4 12. e4 {The position is equal.} c6 13. Qb3 Na6 14. Be3 cxd5 {[#]} 15. Bxb6 $146 ({White should try} 15. exd5 $14 f5 16. Rfd1) ({Predecessor:} 15. exd5 Bd7 16. Rfd1 Rc8 17. d6 Be6 18. Bxb6 axb6 19. Nd5 g5 20. Ne7+ Qxe7 21. dxe7 Bxb3 22. axb3 gxh4 23. Bxb7 {½-½ (39) Ankit,R (2451)-Low,Z (2377) Lienz 2019}) 15... axb6 $11 16. Nxd5 Be6 17. Rfd1 Bxd5 18. Rxd5 Qc7 19. Rad1 (19. Bf1 $14) 19... Nc5 20. Qc4 Ra4 21. Qc2 {Rxc5! is the strong threat.} Rxa2 22. Bf1 Rc8 23. Nf3 Ne6 24. Qb3 $36 {[%mdl 3072] White has compensation. Black is under pressure.} Raa8 (24... Ra5 $11) 25. Rd7 $16 Qc6 26. Bb5 Qc2 $2 {[#] This move loses the game for Black.} (26... Qxe4 $16 27. Rxf7 Nc5) 27. Rd8+ $1 $18 {[%mdl 576] Deflection} Nxd8 {[#]} (27... Rxd8 28. Rxd8+) 28. Rxd8+ $1 {[%mdl 512]} Rxd8 (28... Bf8 {is a better defense.} 29. Qxc2 {[%mdl 64] Overworked Piece} Rxc2 30. Rxa8 Rc5) 29. Qxc2 Rac8 30. Qb3 Rc1+ 31. Kg2 Rdc8 32. Qd5 R8c5 33. Qd8+ Bf8 34. Ba4 Ra5 {[#]} 35. Bb3 $1 {White mates.} Rb5 {[#]} 36. Bxf7+ $1 {[%mdl 576] Decoy} Kxf7 37. Qd7+ {Av CentiPawn Loss W=-46/B=-69. Weighted=-21/-59} (37. Ng5+ $142 Kg8 {[#]} 38. Qd7 $1 {[%mdl 576] Double Attack} Be7 39. Qxe7 Rg1+ 40. Kxg1 Rxb2 41. Qxh7+ {[%mdl 64] Double Attack} Kf8 42. Qf7#) 1-0

[Event "GER-ch Youth U18 2020"]
[Site "Willingen"]
[Date "2020.10.24"]
[Round "7.6"]
[White "Woelk, Tom-Frederic"]
[Black "Bosselmann, Tom Linus"]
[Result "1-0"]
[WhiteElo "2253"]
[BlackElo "2054"]
[Annotator "TA"]
[PlyCount "101"]
[EventDate "2020.10.20"]
[EventType "swiss"]
[EventRounds "7"]
[EventCountry "GER"]
[SourceTitle "playchess.com"]
[Source "ChessBase"]
[SourceQuality "1"]

{[%evp 9,101,0,0,0,0,-9,0,0,0,0,0,0,53,49,43,0,0,0,42,47,45,48,46,46,41,0,25,0,44,18,15,-12,-14,-9,-10,-23,0,0,0,0,6,8,104,0,12,10,10,0,0,0,58,63,82,2,2,2,3,0,0,0,0,0,0,0,0,0,0,0,0,0,0,0,0,0,0,0,0,0,0,0,0,0,0,0,0,0,0,0,0,0,29962,4606,29968,12363]} 1. d4 Nf6 2. c4 e6 3. Nc3 Bb4 4. f3 c5 5. d5 b5 6. e4 {E20: Nimzo-Indian: 4 g3 and 4 f3.} O-O {6...d6 is the modern continuation.} 7. Nh3 bxc4 8. Bxc4 {The position is equal.} Nxd5 9. Bxd5 exd5 10. Qxd5 {[#]} Bxc3+ $146 ({Black should try} 10... Ba6 $11) ({Predecessor:} 10... Nc6 11. O-O Ba6 12. Rf2 Re8 13. Bg5 Qb6 14. Be3 Ne5 15. Na4 Qa5 16. b3 c4 {½-½ (23) Firouzja,A (2702)-Ding,L (2811) Khanty-Mansiysk 2019}) 11. bxc3 $14 Ba6 12. Qxc5 ({Much weaker is} 12. Qxa8 Qh4+ 13. Kd1 Nc6 $17) 12... Qh4+ 13. Nf2 Nc6 14. Bg5 Qh5 15. Be7 Qxc5 16. Bxc5 Rfb8 17. Ba3 Rb5 18. Ng4 Rab8 19. Kf2 Ra5 20. Bb4 Nxb4 21. cxb4 Rxb4 22. Rhd1 Bb5 (22... h5 $5 23. Ne3 $8 Rb2+ 24. Kg3 Ra3 $15) 23. Rd2 Ra3 24. Rc1 {[%cal Rc1c8]} h5 25. Ne3 $36 {[%mdl 2048] White fights for an advantage.} Rba4 (25... h4 $11) 26. Rcc2 ({Only move:} 26. Rc8+ $16 Kh7 27. Rd5) 26... Rd3 27. Rxd3 Bxd3 $11 {[%mdl 4096] Endgame KRB-KRN} 28. Rb2 Ba6 29. h4 Bc4 (29... g6 $11) 30. Nxc4 $14 Rxc4 {[#] KR-KR} 31. Ke3 (31. Rb8+ $1 $16 Kh7 32. Rb5) 31... Ra4 32. Rd2 Kf8 33. Kf4 Ke7 34. g4 hxg4 35. fxg4 d6 36. h5 Ra3 37. Re2 f6 38. Rb2 Ra5 39. Rb7+ Kf8 40. Rd7 Rxa2 41. Rxd6 Rf2+ 42. Ke3 Rg2 43. Kf3 Ra2 44. e5 Ra3+ 45. Kf4 Ra4+ 46. Kg3 fxe5 47. g5 Rb4 48. Rd8+ Ke7 49. Ra8 {Hoping for h6.} Ra4 $2 {[%mdl 8192] [#]} (49... Ke6 $11) 50. h6 $1 {[%cal Rh6g7]} gxh6 51. gxh6 {Av CentiPawn Loss W=-52/B=-52. Weighted=-70/-40} 1-0